000 03614nam a2200469 i 4500
001 17719
003 ES-MaACL
005 20251104184004.0
007 t|
008 010509s1898 sp ||||1| spa d
245 0 0 _aNecrologías de los señores académicos de número [de la Real Academia de Ciencias Morales y Políticas] fallecidos desde 1º de julio de 1885.
_nI.
260 _aMadrid :
_b[s.n.],
_c1898 (
_fImp. del Asilo de Huérfanos del S.C. de Jesús)
300 _a492 p. ;
_c26 cm.
505 8 _aContiene: Necrología de D. José de Posada Herrera / por Antonio Aguilar y Correa, marqués de la Vega Armijo. Necrología de D. Benito Gutiérrez Fernández / por Juan de la Concha Castañeda. Necrología de D. Florencio Rodríguez Vaamonde / por Sr. Conde de Torreánaz. Necrología de D. Lope Gisbert y García Tornel / por D. Laureano Figuerola. Necrología de D. Francisco de Borja Queipo de Llano y Gayoso, Conde de Toreno (8º) / por D. Plácido de Jove y Hevia, Vizconde de Campo Grande. Necrología de D. Fernando Calderón y Collante, marqués de Reinosa / por D. José García Barzanallana. Necrología de D. Servando Ruiz Gómez por / los sres. Conde de Toreno y Vizconde de Campo Grande. Necrología de D. Santiago Diego Madrazo / por Melchor Salvá. Necrología de D. Manuel Alonso Martínez / por D. Manuel Colmeiro. Necrología de D. Manuel García Barzanallana, marqués de Barzanallana / por D. José García Barzanallana. Necrología de D. Carlos María Perier y Gallego / por D. Juan de la Concha Castañeda. Necrología de D. Antonio Mena y Zorrilla / por el Conde de Tejada de Valdosera. Necrología de D. Vicente de la Fuete / por D. Alejandro Pidal y Mon. Necrología de D. Feliciano Ramírez de Arellano, Marqués de la Fuensanta del Valle / por el Sr. Marqués de la Vega de Armijo. Necrología de D. Antonio Cánovas del Castillo / por D. Fernando Cos-Gayón.
600 1 4 _aPosada de Herrera, José de,
_d1814-1885
_993329
600 1 4 _aGutiérrez Fernández, Benito,
_d1826-1885
_961147
600 1 4 _aRodríguez Vaamonde, Florencio.
_998847
600 1 4 _aGisbert y García Tornel, Lope.
_957336
600 1 4 _aQueipo de Llano y Gayoso, Francisco de Borja
_cConde de Toreno.
_9158110
600 1 4 _aMadrazo, Santiago Diego.
_975341
600 1 4 _aAlonso Martínez, Manuel,
_d1827-1891
_920356
600 1 4 _aGarcía Barzanallana, Manuel,
_cMarqués de Barzanallana,
_d1817-1892
_954240
600 1 4 _aPerier, Carlos María.
_9131024
600 1 4 _aMena y Zorrilla, Antonio de.
_980060
600 1 4 _aFuente, Vicente de la,
_d1817-1889
_952857
600 0 4 _aRamírez de Arellano, Feliciano,
_cMarqués de la Fuensanta del Valle
_995130
600 1 4 _aCánovas del Castillo, Antonio,
_d1828-1897
_934600
700 1 _aAguilar y Correa, Antonio,
_cMarqués de la Vega de Armijo,
_d1824-1908
_918751
700 1 _aConcha Castañeda, Juan de la.
_940074
700 1 _aGutiérrez Fernández, Benito,
_d1826-1885
_961147
700 1 _aFiguerola, Laureano,
_d1816-1903
_950808
700 1 _aJove y Hevia, Plácido de,
_cVizconde de Campo Grande
_967050
700 1 _aGarcía Barzanallana, José,
_d1819-1903
_954239
700 1 _aSalvá, Melchor,
_d1834-1918
_9102056
700 1 _aColmeiro, Manuel (
_d1818-1894)
_939768
700 1 _aPidal y Mon, Alejandro,
_d1846-1913
_991890
700 1 _aCos-Gayón, Fernando,
_d1825-1898
_940977
700 1 _aAguirre de Tejada O'Neale y Eulate, Manuel,
_cConde de Tejada de Valdosera
_918868
710 2 _aReal Academia de Ciencias Morales y Políticas (España)
_9222050
852 _aES-MaACL
_jA-274
999 _c17719
_d17719